| 000 | 02631njm a2200625 i 4500 | ||
|---|---|---|---|
| 001 | 34973 | ||
| 003 | KOSZ 005 | ||
| 005 | 20220822084214.0 | ||
| 007 | sd fsmgnnmmned | ||
| 008 | 061010s2005 pl munn i 000 0 d | ||
| 020 | _a8360004242 | ||
| 020 | _a8360004064 | ||
| 040 |
_cKOSZ 005 _aKOSZ 005 _dKOSZ 005/AR |
||
| 041 | 0 | _apol | |
| 046 | _k2005 | ||
| 080 | _a785(481) | ||
| 080 | _a(086.7) | ||
| 100 | 1 |
_aGrieg, Edvard _d(1843-1907) _eKompozytor |
|
| 245 | 1 | 0 |
_aGrieg / _cEdvard Grieg. |
| 260 |
_aWarszawa : _bMediasat Poland, _c2005. |
||
| 300 |
_a1 płyta CD (58 min 05 s) : _bzapis cyfrowy, stereo ; _c12 cm + _e1 dodatek : 43 strony : ilustracje ; 13 cm x 14 cm. |
||
| 336 |
_2rdacontent _aNagranie muzyczne _bprm |
||
| 336 |
_2rdacontent _3Dodatek _aTekst _btxt |
||
| 337 |
_2rdamedia _aAudio _bs |
||
| 337 |
_2rdamedia _aKomputer _bc |
||
| 337 |
_2rdamedia _3Dodatek _aBez urządzenia pośredniczącego _bn |
||
| 338 |
_2rdacarrier _aPłyta audio _bd |
||
| 338 |
_2rdacarrier _3Dodatek _aWolumin _bc |
||
| 380 | _aMuzyka | ||
| 388 | _a1801-1900 | ||
| 490 | 1 |
_aBiblioteka Gazety Wyborczej. Wielcy Kompozytorzy ; _v18 |
|
| 500 | _aTekst komentarza: Łukasz Dobrowolski. | ||
| 500 | _aWykonanie: Royal Philharmonic Orchestra ; James Judd, dyrygent ; Ronan O'Hara, fortepian. | ||
| 500 | _aNagranie: C.T.S. Sound Studio, Londyn maj 1994 rok. | ||
| 505 | _aKoncert fortepianowy a-moll op. 16 ; Utwory liryczne (wybór). Arietta op. 12 nr 1 ; Taniec elfów op. 12 nr 4 ; Melodia ludowa op.12 nr 5 ; Motyl op. 43 nr 1 ; Ptaszek op. 43 nr 4 ; Wiosna op. 43 nr 6 ; Nokturn op. 54 nr 4 ; Gade op. 57 nr 2 ; Sylf op. 62 nr 1 ; Francuska serenada op. 62 nr 3 ; Salon op. 65 nr 4 ; Letni wieczór op. 71 nr 2. | ||
| 600 | 1 | 7 |
_aGrieg, Edvard _d(1843-1907) |
| 648 | 7 | _a1801-1900 | |
| 650 | 9 | _aKompozytorzy norwescy | |
| 655 | 7 | _aDokumenty dźwiękowe | |
| 655 | 7 | _aKoncert (utwór muzyczny) | |
| 655 | 7 | _aMuzyka instrumentalna | |
| 655 | 7 | _aMuzyka na fortepian | |
| 655 | 7 | _aMuzyka na fortepian i orkiestrę | |
| 655 | 7 | _aMuzyka poważna | |
| 655 | 7 | _aMuzyka taneczna | |
| 655 | 7 | _aNokturn (utwór muzyczny) | |
| 655 | 7 | _aSerenada | |
| 700 | 1 |
_aWiśnios, Joanna _eTekst |
|
| 700 | 1 |
_aJudd, James _eDyrygent _d(1949- ) |
|
| 700 | 1 |
_aO'Hora, Ronan _eWykonanie _d(1964- ) |
|
| 710 | 2 |
_aRoyal Philharmonic Orchestra (Londyn) _eWykonanie |
|
| 710 | 2 |
_aMediasat Poland _eWydawca |
|
| 830 | 0 |
_aBiblioteka Gazety Wyborczej. _pWielcy Kompozytorzy _v18 |
|
| 942 |
_cCD _2UKD |
||
| 999 |
_c34973 _d34973 |
||